Atalantica/ (Record no. 3401)

MARC details
000 -LEADER
campo de control de longitud fija 02374nam a22006737a 4500
003 - IDENTIFICADOR DE NÚMERO DE CONTROL
campo de control OSt
005 - FECHA Y HORA DE LA ÚLTIMA TRANSACCIÓN
campo de control 20230420113337.0
008 - DATOS DE LONGITUD FIJA--INFORMACIÓN GENERAL
campo de control de longitud fija 221006b |||||||| |||| 00| 0 eng d
040 ## - FUENTE DE CATALOGACIÓN
Centro/agencia transcriptor Biblioteca Lado V
082 ## - NÚMERO DE LA CLASIFICACIÓN DECIMAL DEWEY
Número de clasificación 700
Número de ítem Z39a
100 ## - ENTRADA PRINCIPAL--NOMBRE DE PERSONA
9 (RLIN) 802
Nombre de persona Zaya, Antonio
Término indicativo de función/relación editor
-- director
245 ## - MENCIÓN DEL TÍTULO
Título Atalantica/
Resto del título Revista de Arte y Pensamiento | Especial/
260 ## - PUBLICACIÓN, DISTRIBUCIÓN, ETC.
Nombre del editor, distribuidor, etc. Centro Atlantico de Arte Moderno
Fecha de publicación, distribución, etc. 1995
Lugar de publicación, distribución, etc. España
300 ## - DESCRIPCIÓN FÍSICA
Dimensiones 24x30cm
Extensión 248p.
366 ## - INFORMACIÓN SOBRE DISPONIBILIDAD COMERCIAL
Nota fre
366 ## - INFORMACIÓN SOBRE DISPONIBILIDAD COMERCIAL
Nota eng
490 ## - MENCIÓN DE SERIE
Designación de volumen o secuencia 1996
Número Internacional Normalizado para Publicaciones Seriadas 1132-8428
Mención de serie 10
505 ## - NOTA DE CONTENIDO CON FORMATO
Título Territorios
505 ## - NOTA DE CONTENIDO CON FORMATO
Título El Desajuste de Europa
505 ## - NOTA DE CONTENIDO CON FORMATO
Título Europa
505 ## - NOTA DE CONTENIDO CON FORMATO
Título Peter Holst Henckel
505 ## - NOTA DE CONTENIDO CON FORMATO
Título Como la Bala de un revolver
505 ## - NOTA DE CONTENIDO CON FORMATO
Título Shimon Attie
505 ## - NOTA DE CONTENIDO CON FORMATO
Título El Desierto de los Italianos
505 ## - NOTA DE CONTENIDO CON FORMATO
Título Proyecto de Laura Torrado para Atlántica
505 ## - NOTA DE CONTENIDO CON FORMATO
Título Notas después del rodaje
505 ## - NOTA DE CONTENIDO CON FORMATO
Título Guerrarquitectura
505 ## - NOTA DE CONTENIDO CON FORMATO
Título El ARTE, El Artificio y La Artillería
505 ## - NOTA DE CONTENIDO CON FORMATO
Título Nexus
505 ## - NOTA DE CONTENIDO CON FORMATO
Título Et Nox Facta Est
505 ## - NOTA DE CONTENIDO CON FORMATO
Título Manos Limpias
505 ## - NOTA DE CONTENIDO CON FORMATO
Título Proyecto de Raul Speek para Atalanta
505 ## - NOTA DE CONTENIDO CON FORMATO
Título Proyecto de Marc Latamie para Atlántica
505 ## - NOTA DE CONTENIDO CON FORMATO
Título Periferias de segundo orden
505 ## - NOTA DE CONTENIDO CON FORMATO
Título Brancusi en Fleitas
505 ## - NOTA DE CONTENIDO CON FORMATO
Título Proyecto de Luis Sosa para Atlántica
505 ## - NOTA DE CONTENIDO CON FORMATO
Título Pedro Gonzalez en el Corazon del Bosque
505 ## - NOTA DE CONTENIDO CON FORMATO
Título Revista
505 ## - NOTA DE CONTENIDO CON FORMATO
Título Inez Van Lamsweerde
505 ## - NOTA DE CONTENIDO CON FORMATO
Título Proyecto de ira tierra para Atlántica
505 ## - NOTA DE CONTENIDO CON FORMATO
Título Un Minimalista Herético
505 ## - NOTA DE CONTENIDO CON FORMATO
Título Cuerpo y Cosmos
505 ## - NOTA DE CONTENIDO CON FORMATO
Título Desarraigados
505 ## - NOTA DE CONTENIDO CON FORMATO
Título Nelson Domingues
505 ## - NOTA DE CONTENIDO CON FORMATO
Título Proyecto de Yero para Atlántica
505 ## - NOTA DE CONTENIDO CON FORMATO
Título Entrevista con Dokoupil
505 ## - NOTA DE CONTENIDO CON FORMATO
Título Proyecto de Isidro Blasco para Atlántica
505 ## - NOTA DE CONTENIDO CON FORMATO
Título Mirada al Caribe, desde para Atlántica
650 ## - PUNTO DE ACCESO ADICIONAL DE MATERIA--TÉRMINO DE MATERIA
Fuente del encabezamiento o término Tesauro de Arte & Arquitectura
Término de materia o nombre geográfico como elemento de entrada ARTE
9 (RLIN) 703
650 ## - PUNTO DE ACCESO ADICIONAL DE MATERIA--TÉRMINO DE MATERIA
Fuente del encabezamiento o término Tesauro de Arte & Arquitectura
Término de materia o nombre geográfico como elemento de entrada EXPOSICIONES
650 ## - PUNTO DE ACCESO ADICIONAL DE MATERIA--TÉRMINO DE MATERIA
Fuente del encabezamiento o término Tesauro de Arte & Arquitectura
Término de materia o nombre geográfico como elemento de entrada CULTURA
650 ## - PUNTO DE ACCESO ADICIONAL DE MATERIA--TÉRMINO DE MATERIA
Fuente del encabezamiento o término Tesauro de Arte & Arquitectura
Término de materia o nombre geográfico como elemento de entrada APRECIACION
650 ## - PUNTO DE ACCESO ADICIONAL DE MATERIA--TÉRMINO DE MATERIA
Fuente del encabezamiento o término Tesauro de Arte & Arquitectura
Término de materia o nombre geográfico como elemento de entrada TEORIA
650 ## - PUNTO DE ACCESO ADICIONAL DE MATERIA--TÉRMINO DE MATERIA
Fuente del encabezamiento o término Tesauro de Arte & Arquitectura
Término de materia o nombre geográfico como elemento de entrada CRITICA
650 ## - PUNTO DE ACCESO ADICIONAL DE MATERIA--TÉRMINO DE MATERIA
Fuente del encabezamiento o término Tesauro de Arte & Arquitectura
Término de materia o nombre geográfico como elemento de entrada FOTOGRAFIA
9 (RLIN) 702
650 ## - PUNTO DE ACCESO ADICIONAL DE MATERIA--TÉRMINO DE MATERIA
Fuente del encabezamiento o término Tesauro de Arte & Arquitectura
Término de materia o nombre geográfico como elemento de entrada LITERATURA
650 ## - PUNTO DE ACCESO ADICIONAL DE MATERIA--TÉRMINO DE MATERIA
Fuente del encabezamiento o término Tesauro de Arte & Arquitectura
Término de materia o nombre geográfico como elemento de entrada ESPAÑA
942 ## - ELEMENTOS DE ENTRADA SECUNDARIOS (KOHA)
Fuente del sistema de clasificación o colocación Clasificación Decimal Dewey
Tipo de ítem Koha Libros
Parte de la signatura que corresponde a la clasificación (Parte de la clasificación) 700
Parte de la signatura que identifica el ejemplar (Parte del ítem) Z39a
Suprimir en OPAC No
Holdings
Estatus retirado Estado de pérdida Fuente del sistema de clasificación o colocación Especificación de materiales (volumen encuadernado u otra parte) Estado de daño No para préstamo Colección Biblioteca de origen Biblioteca actual Fecha de adquisición Enumeración/cronología de publicación seriada Número de inventario Total de préstamos Signatura topográfica completa Código de barras Visto por última vez Precio de reemplazo Tipo de ítem Koha
    Clasificación Decimal Dewey 1995     Revistas Biblioteca LadoV Biblioteca LadoV 20/04/2023 10 003565   700 Z39a 003565 20/04/2023 20/04/2023 Libros